David Nash at Yorkshire Sculpture Park / (Record no. 5700)

MARC details
000 -LEADER
fixed length control field 01444cam a2200385 a 4500
001 - CONTROL NUMBER
control field 16503962
003 - CONTROL NUMBER IDENTIFIER
control field OSt
005 - DATE AND TIME OF LATEST TRANSACTION
control field 20260319104128.0
008 - FIXED-LENGTH DATA ELEMENTS--GENERAL INFORMATION
fixed length control field 100914s2010 enka 000 0 eng
010 ## - LIBRARY OF CONGRESS CONTROL NUMBER
LC control number 2010530216
020 ## - INTERNATIONAL STANDARD BOOK NUMBER
International Standard Book Number 9781871480825
Qualifying information cloth
020 ## - INTERNATIONAL STANDARD BOOK NUMBER
International Standard Book Number 1871480825
Qualifying information cloth
035 ## - SYSTEM CONTROL NUMBER
System control number 16503962
040 ## - CATALOGING SOURCE
Original cataloging agency DLC
Transcribing agency Foundation University
Modifying agency DLC
-- FULib
Language of cataloging eng
Description conventions rda
042 ## - AUTHENTICATION CODE
Authentication code pcc
043 ## - GEOGRAPHIC AREA CODE
Geographic area code e-uk-en
050 00 - LIBRARY OF CONGRESS CALL NUMBER
Classification number NB 1160
Item number .2010 N37
082 00 - DEWEY DECIMAL CLASSIFICATION NUMBER
Classification number 730.92
Edition number 22
100 1# - MAIN ENTRY--PERSONAL NAME
Personal name Nash, David,
Dates associated with a name 1945-
9 (RLIN) 15388
245 10 - TITLE STATEMENT
Title David Nash at Yorkshire Sculpture Park /
Statement of responsibility, etc. [photography, Jonty Wilde].
260 ## - PUBLICATION, DISTRIBUTION, ETC.
Place of publication, distribution, etc. Wakefield :
Name of publisher, distributor, etc. Yorkshire Sculpture Park,
Date of publication, distribution, etc. c2010.
264 ## - PRODUCTION, PUBLICATION, DISTRIBUTION, MANUFACTURE, AND COPYRIGHT NOTICE
Copyright Date c2010.
300 ## - PHYSICAL DESCRIPTION
Extent 176 pages :
Other physical details illustrations (chiefly color) ;
Dimensions 25 x 31 cm.
Materials specified resource
Type of unit volume
336 ## - CONTENT TYPE
Content type term text
Content type code txt
Source rdacontent
337 ## - MEDIA TYPE
Media type term unmediated
Media type code n
Source rdamedia
338 ## - CARRIER TYPE
Carrier type term volume
Carrier type code nc
Source rdacarrier
Materials specified resource
500 ## - GENERAL NOTE
General note Catalogue of the exhibition at Yorkshire Sculpture Park, 29 May 2010 - 27 February 2011.
600 10 - SUBJECT ADDED ENTRY--PERSONAL NAME
Personal name Nash, David,
Dates associated with a name 1945-
Form subdivision Exhibition.
9 (RLIN) 15389
650 #0 - SUBJECT ADDED ENTRY--TOPICAL TERM
Topical term or geographic name entry element Wood sculpture
Geographic subdivision England
Chronological subdivision 20th century
Form subdivision Exhibitions.
9 (RLIN) 15390
655 #7 - INDEX TERM--GENRE/FORM
Genre/form data or focus term Exhibition catalogs.
Source of term lcgft
Authority record control number or standard number https://id.loc.gov/authorities/genreForms/gf2014026098
9 (RLIN) 12632
658 ## - INDEX TERM--CURRICULUM OBJECTIVE
Main curriculum objective Fine Arts, Bachelor of.
700 1# - ADDED ENTRY--PERSONAL NAME
Personal name Wilde, Jonty.
9 (RLIN) 15391
710 2# - ADDED ENTRY--CORPORATE NAME
Corporate name or jurisdiction name as entry element Yorkshire Sculpture Park.
9 (RLIN) 15392
942 ## - ADDED ENTRY ELEMENTS (KOHA)
Source of classification or shelving scheme Library of Congress Classification
Koha item type Books
Classification part NB 1160
Item part .2010 N37
Call number prefix (DAFA-FA)
Holdings
Withdrawn status Lost status Source of classification or shelving scheme Damaged status Not for loan Collection code Home library Current library Shelving location Date acquired Source of acquisition Total Checkouts Full call number Barcode Date last seen Price effective from Koha item type Accession Number
    Library of Congress Classification     Non-fiction Foundation University Library Foundation University Library DoArchitecture & Fine Arts 03/19/2026 Donated by Bellas Artes Projects   (DAFA-FA) NB 1160 .2010 N37 0192026003261 03/19/2026 03/19/2026 Books DAFA-2026261